000 nam a22 7a 4500
999 _c331396
_d331396
003 NUST
005 20170926154758.0
008 170926b xxu||||| |||| 00| 0 eng d
040 _cNUST
082 _a351
100 _aMashhadi,Sara, Nadeem,Omaima, Danish,Khan Rafia, Naseem,Maryam, Ali,Sardar Haider, & Durrani,Memoona Khalid
_95017
245 _aEmpowering civilian law enforcement agencies to terrorism in Pakistan
260 _aIslamabad
_c2015
300 _a178p
942 _2ddc
_cTH